Diseño de 2,862 m2 de adoquinado Barrio Recreo sur Managua
Presenta el diseño de 2,862 m2 de adoquinado en el Barrio Recreo sur Managua, para poder elaborar este diseño fue necesario recopilar información técnica a través de la elaboración de estudios de suelos y estudios de tránsito, con el objetivo de obtener datos reales y actuales, para poder hac...
| Main Author: | |
|---|---|
| Other Authors: | |
| Format: | Tesis Section = Libro |
| Language: | Undetermined Spanish |
| Published: |
Managua
UNI
2010
|
| Subjects: |
| LEADER | 01950nam a2200277Ia 4500 | ||
|---|---|---|---|
| 008 | 240830s9999 xx 000 0 und d | ||
| 040 | |a BIBLIOTECA-RUPAP T.Mon 625.8 R788 | ||
| 041 | |a spa | ||
| 082 | |a T.Mon 625.8 R788 | ||
| 100 | 1 | |a Rosales Velásquez, Jazmina Antonieta | |
| 245 | 1 | 0 | |a Diseño de 2,862 m2 de adoquinado Barrio Recreo sur Managua |
| 260 | |a Managua |b UNI |c 2010 | ||
| 300 | |a 115 p. :il. | ||
| 500 | |a Contiene: anexos. | ||
| 502 | |a Tesis (Ingeniero Civil)- UNI, 2010. | ||
| 520 | 3 | |a Presenta el diseño de 2,862 m2 de adoquinado en el Barrio Recreo sur Managua, para poder elaborar este diseño fue necesario recopilar información técnica a través de la elaboración de estudios de suelos y estudios de tránsito, con el objetivo de obtener datos reales y actuales, para poder hacer consideraciones lógicas y necesarias. Muestra información sobre: el tráfico que circula sobre la vía de interés; implementación de criterios de diseño, siguiendo las normas de la SIECA, NIC 2000; diseño de espesores de la estructura del pavimento adoquinado se determinaron aplicando el método de Murillo López de Souza; utilización del programa CIVIL para el cálculo de las elevaciones curvas de cunetas para que pueda existir un buen drenaje, y las elevaciones de las rasantes en los cambios de pendientes; muestreo de los diferente materiales de cortes artificiales existentes en los bancos de préstamos y conforme a la norma estándar descrita en la designación ASTM D-420; implementación de señalización vial requerida en la vía, a través de las normas de señalización. | |
| 650 | 7 | |a PAVIMENTOS | |
| 650 | 7 | |b PAVIMENTOS DE HORMIGON | |
| 650 | 7 | |c PAVIMENTOS-DISEÑO Y CONSTRUCCION | |
| 650 | 7 | |d PAVIMENTO DE CALLES | |
| 650 | 7 | |e ESTUDIO DE TRANSITO | |
| 650 | 7 | |f ESTUDIO DE SUELOS | |
| 700 | 1 | |a Tutor: |b Calvo Rojas, Lucas Bernardo | |
| 942 | |c BK |2 ddc | ||
| 991 | |a TESIS | ||
| 999 | |c 18251 | ||